Daga

Bibliographic Details
Main Author: Maznan Noordin
Format: Book
Published: Kuala Lumpur : Creative Enterprise , 1996

MARC

LEADER 00000cam a2200000 7i4500
001 0000007492
002 000008051
005 20000330.0
020 |a 9838932787 
090 0 0 |a F   |b MAZ 
100 0 |a Maznan Noordin 
245 1 0 |a Daga   |c Maznan Noordin 
260 |a Kuala Lumpur :   |b Creative Enterprise ,   |c 1996 
300 |a 194p. ;   |c 18cm. 
999 |a 052079   |b BUKU   |c PINJAMAN   |e PERPUSTAKAAN KOMUNITI PETALING JAYA 
999 |a 052080   |b BUKU   |c PINJAMAN   |e PERPUSTAKAAN KOMUNITI PETALING JAYA